000 00500nam a22001697a 4500
999 _c160628
_d160628
005 20190206163322.0
010 _aB-162380
020 _a8120616308
_c1195.00
035 _aB-162380
037 _bAsian Education Services
082 _a954.11
100 _aLawrence, Walter R.
245 _aThe valley of Kashmir /
_cWalter R. Lawrnce
260 _aNew Delhi
_bAsian Education Services
_c2005
300 _a478p.( it include index.)
_c25cm(hbk)
942 _2ddc
_cEN
_h954.11
_mLAW